Statistiques concernant Villes de la Drome de plus de 10 000 hab

Cliquez ici pour prendre le quiz!

Statistiques générales

  • Ce quiz a été pris 26 fois
  • Le résultat moyen est 5 sur 7

Statistiques - réponses

VillePopulation% Correct
Valence65 465
100%
Montélimar41 500
85%
Romans-sur-Isère32 616
85%
Bourg-lès-Valence19 347
73%
Portes-lès-Valence10 516
58%
Pierrelatte14 175
50%
Bourg-de-Péage10 128
42%

Distribution des résultats

Percentile par nombre de réponses

% des personnes avec chaque résultat

Votre développement - résultats

Vous n’avez pas pris ce quiz